000 00314nam a22001337a 4500
008 171011b xxu||||| |||| 00| 0 eng d
020 _a9780767413176
041 _aeng
080 _a316
100 _a50
101 _aSOC
245 _aNEED TO KNOW SOCIAL SCIENCE RESEARCH METHODS
_cINTYRE,L.J
942 _2udc
_cBK
999 _c33039
_d33039